| 000 | 00977cab a22002175a 4500 | ||
|---|---|---|---|
| 001 | E145828 | ||
| 008 | 081111s2008 xxkd 000 0 eng u | ||
| 035 | _a(Sirsi) u145828 | ||
| 041 | 0 | _aeng | |
| 050 | 0 | 4 | _a614.76 $2 18 |
| 110 | 2 |
_aScottish Environment Protection Agency _93523 |
|
| 245 | 0 | 0 |
_aWaste data digest 8 _bkey facts and trends _h[electronic resource] |
| 260 |
_a[Stirling] _bSEPA _c2008 |
||
| 490 | 0 |
_aSEPA Waste Data Digest _v8 |
|
| 520 | _aDetails data collected by, or on behalf of, SEPA on controlled waste in Scotland. The data are presented in two parts: a key facts and trends section and data tables. Data includes waste arisings, recovery, disposal and waste related operational activities. | ||
| 590 | _aKA | ||
| 651 | 4 |
_aScotland _y1999- |
|
| 690 | _aENVIRONMENTAL AND LAND CONSULTANCY-WASTE MANAGEMENT | ||
| 856 | 4 | 1 |
_uhttps://www.sepa.org.uk/waste/waste_data/waste_data_digest.aspx _zView the item free of charge at www.sepa.org.uk... |
| 942 | _n0 | ||
| 999 |
_c108936 _d108936 |
||